000 00210nam a22000857a 4500
008 170203b xxu||||| |||| 00| 0 eng d
100 _92772
_aViva Education
245 _aSchool Atlas
260 _aNew Delhi
_bVida
_c2009
999 _c5963
_d5963